Механизм зарождения, формирования и диагностика непровара в процессе сварки; Ч. 3; Известия Томского политехнического университета [Известия ТПУ]; Т. 308, № 3
| Parent link: | Известия Томского политехнического университета [Известия ТПУ]/ Томский политехнический университет (ТПУ).— , 2000- Т. 308, № 3.— 2005.— [С. 132-135] |
|---|---|
| Autor principal: | |
| Outros Autores: | |
| Resumo: | Заглавие с титульного листа Электронная версия печатной публикации Приведены результаты модельных и экспериментальных исследований механизма зарождения, формирования и развития непровара в процессе сварки. Данные модели позволили в последствие одновременно осуществлять регистрацию непровара в реальном масштабе времени и формировать управляющие сигналы для коррекции параметров режимов сварки. |
| Idioma: | russo |
| Publicado em: |
2005
|
| Colecção: | Технические науки |
| Assuntos: | |
| Acesso em linha: | http://www.lib.tpu.ru/fulltext/v/Bulletin_TPU/2005/v308/i3/31.pdf |
| Formato: | Recurso Electrónico Capítulo de Livro |
| KOHA link: | https://koha.lib.tpu.ru/cgi-bin/koha/opac-detail.pl?biblionumber=170382 |
MARC
| LEADER | 00000nla2a2200000 4500 | ||
|---|---|---|---|
| 001 | 170382 | ||
| 005 | 20231031163702.0 | ||
| 035 | |a (RuTPU)RU\TPU\book\184779 | ||
| 035 | |a RU\TPU\book\184775 | ||
| 090 | |a 170382 | ||
| 100 | |a 20091123d2005 k y0rusy50 ca | ||
| 101 | 0 | |a rus | |
| 102 | |a RU | ||
| 135 | |a drnn ---uucaa | ||
| 181 | 0 | |a i | |
| 182 | 0 | |a b | |
| 200 | 1 | |a Механизм зарождения, формирования и диагностика непровара в процессе сварки |b Электронный ресурс |h Ч. 3 |f А. М. Апасов, А. А. Апасов | |
| 203 | |a Текст |c электронный | ||
| 215 | |a 1 файл (979 Кб) | ||
| 225 | 1 | |a Технические науки | |
| 230 | |a Электронные текстовые данные (1 файл : 979 Кб) | ||
| 300 | |a Заглавие с титульного листа | ||
| 300 | |a Электронная версия печатной публикации | ||
| 320 | |a [Библиогр.: с. 135 (3 назв.)] | ||
| 330 | |a Приведены результаты модельных и экспериментальных исследований механизма зарождения, формирования и развития непровара в процессе сварки. Данные модели позволили в последствие одновременно осуществлять регистрацию непровара в реальном масштабе времени и формировать управляющие сигналы для коррекции параметров режимов сварки. | ||
| 337 | |a Adobe Reader | ||
| 461 | 1 | |0 (RuTPU)RU\TPU\book\176237 |t Известия Томского политехнического университета [Известия ТПУ] |f Томский политехнический университет (ТПУ) |d 2000- | |
| 463 | 1 | |0 (RuTPU)RU\TPU\book\184739 |t Т. 308, № 3 |v [С. 132-135] |d 2005 |p 263 с. | |
| 610 | 1 | |a механизмы | |
| 610 | 1 | |a зарождение | |
| 610 | 1 | |a формирование | |
| 610 | 1 | |a диагностика | |
| 610 | 1 | |a непровар | |
| 610 | 1 | |a процессы | |
| 610 | 1 | |a сварка | |
| 610 | 1 | |a результаты | |
| 610 | 1 | |a модельные исследования | |
| 610 | 1 | |a экспериментальные исследования | |
| 610 | 1 | |a развитие | |
| 610 | 1 | |a регистрация | |
| 610 | 1 | |a масштабы | |
| 610 | 1 | |a управляющие сигналы | |
| 610 | 1 | |a коррекция | |
| 610 | 1 | |a параметры | |
| 610 | 1 | |a режимы | |
| 610 | 1 | |a труды учёных ТПУ | |
| 610 | 1 | |a электронный ресурс | |
| 700 | 1 | |a Апасов |b А. М. |c российский ученый, специалист в области металлургии |c доцент Юргинского технологического института Томского политехнического университета, кандидат технических наук |c заведующий кафедрой металлургии черных металлов |f 1950- |g Александр Михайлович |2 stltpush |3 (RuTPU)RU\TPU\pers\22905 | |
| 701 | 1 | |a Апасов |b А. А. | |
| 801 | 1 | |a RU |b 63413507 |c 20090623 |g PSBO | |
| 801 | 2 | |a RU |b 63413507 |c 20211012 |g PSBO | |
| 856 | 4 | |u http://www.lib.tpu.ru/fulltext/v/Bulletin_TPU/2005/v308/i3/31.pdf | |
| 942 | |c CF | ||